000 00632nam a2200265Ia 4500
005 20260121161433.0
008 008 260114s9999 xx 000 0 eng d
020 _a9780429148330
037 _aEBOOK
040 _aCRL
040 _beng
040 _cCRL
041 _2eng
041 _aeng
084 _qCRL
100 _aGenomics
_91044783
245 0 _aSupratim Choudhuri; David B. Carlson
260 _bTaylor and Francis
260 _c2009
650 _aToxicology
_91044784
856 _uhttp://www.taylorfrancis.com/books/9780429148330
942 _cEBOOK
999 _c1610799
_d1610799